000
00330nam a2200133Ia 4500
008
220204s9999 xx 000 0 und d
082
_a
657.6
_b
NIG
100
_a
Bansal, G D
245
0
_a
Principles and practice of auditing
260
_a
Delhi
_b
Shree Mahavir
_c
1979
650
_a
Auditing
700
_a
Nigam, R S
942
_c
BK
999
_c
32466
_d
32466